Every 50k+ city in the United States - Statistics

General Stats
  • This quiz has been taken 405 times
  • The average score is 274 of 870
Answers on the Map
Answers color-coded by a green-red scale on the quiz's map according to % correct below.
 
Answer Stats
State Population City % Correct
NY 8,804,190 New York
92%
WA 737,015 Seattle
92%
IL 2,746,388 Chicago
91%
TX 2,304,580 Houston
91%
CA 3,898,747 Los Angeles
91%
TX 1,304,379 Dallas
90%
FL 442,241 Miami
90%
CO 715,522 Denver
89%
NV 641,903 Las Vegas
89%
PA 1,603,797 Philadelphia
89%
AZ 1,608,139 Phoenix
89%
CA 873,965 San Francisco
89%
MS 153,701 Jackson
88%
TN 68,205 Jackson
88%
OR 652,503 Portland
88%
ME 68,408 Portland
88%
UT 96,904 Sandy
88%
DC 689,545 Washington
88%
GA 498,715 Atlanta
87%
TX 961,855 Austin
87%
MA 675,647 Boston
87%
MI 639,111 Detroit
87%
HI 350,964 Honolulu
87%
FL 949,611 Jacksonville
87%
NC 72,723 Jacksonville
87%
OH 905,748 Columbus
86%
GA 206,922 Columbus
86%
IN 50,474 Columbus
86%
TX 678,815 El Paso
86%
TN 689,447 Nashville
86%
LA 383,997 New Orleans
86%
CA 1,386,932 San Diego
86%
AK 291,247 Anchorage
85%
MO 508,090 Kansas City
85%
KS 156,607 Kansas City
85%
OK 681,054 Oklahoma City
85%
FL 307,573 Orlando
85%
UT 199,723 Salt Lake City
85%
MD 585,708 Baltimore
84%
IN 887,642 Indianapolis
84%
MN 429,954 Minneapolis
84%
TX 1,434,625 San Antonio
84%
TX 62,559 Spring
84%
FL 384,959 Tampa
84%
NM 564,559 Albuquerque
83%
ID 235,684 Boise
83%
CA 76,416 Pittsburg
83%
CA 524,943 Sacramento
83%
MO 169,176 Springfield
83%
MA 155,929 Springfield
83%
IL 114,394 Springfield
83%
OR 61,851 Springfield
83%
OH 58,662 Springfield
83%
MO 301,578 St. Louis
83%
NC 874,579 Charlotte
82%
OH 309,317 Cincinnati
82%
OH 372,624 Cleveland
82%
TN 633,104 Memphis
82%
WI 577,222 Milwaukee
82%
CA 1,013,240 San Jose
82%
TX 918,915 Fort Worth
81%
NE 291,082 Lincoln
81%
NV 264,165 Reno
81%
NY 278,349 Buffalo
80%
KY 633,045 Louisville
80%
NC 467,665 Raleigh
80%
FL 196,169 Tallahassee
80%
LA 227,470 Baton Rouge
79%
NE 486,051 Omaha
79%
NC 249,545 Winston-Salem
79%
NY 99,224 Albany
78%
GA 69,647 Albany
78%
OR 56,472 Albany
78%
AL 200,733 Birmingham
78%
CO 478,961 Colorado Springs
78%
MN 311,527 St. Paul
78%
VA 226,610 Richmond
77%
CA 116,448 Richmond
77%
AZ 542,629 Tucson
77%
AR 202,591 Little Rock
76%
WI 269,840 Madison
76%
AL 56,933 Madison
76%
OR 175,535 Salem
76%
NM 87,505 Santa Fe
76%
OK 413,066 Tulsa
76%
IA 214,133 Des Moines
75%
KS 397,532 Wichita
75%
SC 150,227 Charleston
74%
CA 542,107 Fresno
74%
SC 136,632 Columbia
73%
MO 126,254 Columbia
73%
MD 104,681 Columbia
73%
CA 440,646 Oakland
73%
RI 190,934 Providence
73%
VA 459,470 Virginia Beach
73%
TX 102,316 Wichita Falls
73%
NJ 311,549 Newark
72%
PA 302,971 Pittsburgh
72%
NY 211,328 Rochester
72%
MN 121,395 Rochester
72%
GA 147,780 Savannah
72%
CA 95,558 Carson
71%
ND 125,990 Fargo
71%
AL 200,603 Montgomery
71%
SD 192,517 Sioux Falls
71%
NJ 292,449 Jersey City
70%
KY 322,570 Lexington
70%
AL 187,041 Mobile
70%
OH 270,871 Toledo
70%
TX 394,266 Arlington
69%
VA 238,643 Arlington
69%
WY 65,132 Cheyenne
69%
TN 190,740 Knoxville
69%
AZ 504,258 Mesa
69%
ND 73,622 Bismarck
68%
CT 121,054 Hartford
68%
KS 126,587 Topeka
68%
TX 317,863 Corpus Christi
67%
WA 228,989 Spokane
67%
NY 148,620 Syracuse
67%
CA 403,455 Bakersfield
66%
MT 117,116 Billings
66%
OH 137,644 Dayton
66%
MI 198,917 Grand Rapids
66%
CA 466,742 Long Beach
66%
NV 262,527 North Las Vegas
66%
MO 57,732 St. Peters
65%
FL 182,760 Fort Lauderdale
64%
WI 107,395 Green Bay
64%
PA 50,099 Harrisburg
64%
NH 115,644 Manchester
64%
OH 190,469 Akron
63%
CA 346,824 Anaheim
63%
GA 202,081 Augusta
63%
IN 263,886 Fort Wayne
63%
MI 112,644 Lansing
63%
CO 386,261 Aurora
62%
IL 180,542 Aurora
62%
NC 299,035 Greensboro
62%
NC 115,451 Wilmington
62%
DE 70,898 Wilmington
62%
TX 200,393 Amarillo
61%
CO 108,250 Boulder
61%
NV 58,639 Carson City
61%
PA 94,831 Erie
61%
CA 314,998 Riverside
61%
FL 258,308 St. Petersburg
61%
WA 219,346 Tacoma
61%
NJ 90,871 Trenton
61%
TX 138,486 Waco
61%
OR 176,654 Eugene
60%
VA 238,005 Norfolk
60%
CA 310,227 Santa Ana
60%
TN 181,099 Chattanooga
59%
NC 283,506 Durham
59%
CT 134,023 New Haven
59%
WA 55,605 Olympia
59%
CA 222,101 San Bernardino
59%
CA 88,665 Santa Barbara
59%
IN 69,093 Gary
58%
AL 215,006 Huntsville
58%
MN 86,697 Duluth
57%
NV 317,610 Henderson
57%
TX 255,205 Laredo
57%
TX 257,141 Lubbock
57%
UT 115,162 Provo
57%
NY 211,569 Yonkers
57%
PA 76,328 Scranton
56%
WA 190,915 Vancouver
56%
MA 206,518 Worcester
56%
IA 137,710 Cedar Rapids
55%
NC 208,501 Fayetteville
55%
AR 93,949 Fayetteville
55%
LA 121,374 Lafayette
55%
IN 70,783 Lafayette
55%
GA 127,315 Athens
54%
AZ 76,831 Flagstaff
54%
TX 142,210 McAllen
54%
TX 151,950 Pasadena
54%
CA 138,699 Pasadena
54%
LA 187,593 Shreveport
54%
IA 85,797 Sioux City
54%
TX 186,738 Brownsville
53%
CA 125,410 Concord
53%
NC 105,240 Concord
53%
AZ 241,361 Scottsdale
53%
CA 320,804 Stockton
53%
MI 123,851 Ann Arbor
52%
CT 148,654 Bridgeport
52%
VA 159,467 Alexandria
51%
TX 104,627 Allen
51%
MA 118,403 Cambridge
51%
MI 81,252 Flint
51%
CA 139,911 Orange
51%
AZ 248,325 Glendale
50%
CA 196,543 Glendale
50%
FL 72,647 Daytona Beach
49%
CO 169,810 Fort Collins
49%
FL 153,067 Hollywood
49%
CA 307,670 Irvine
49%
NM 111,385 Las Cruces
49%
TX 285,494 Plano
49%
PA 125,845 Allentown
48%
VA 249,422 Chesapeake
48%
TX 53,695 Galveston
48%
AZ 190,985 Peoria
48%
IL 113,150 Peoria
48%
UT 87,321 Ogden
47%
IN 103,453 South Bend
47%
UT 95,342 St. George
47%
WY 59,038 Casper
46%
NC 87,521 Greenville
46%
SC 70,720 Greenville
46%
CA 173,516 Lancaster
46%
PA 58,039 Lancaster
46%
MT 73,489 Missoula
46%
VA 186,247 Newport News
46%
CA 93,076 Santa Monica
46%
FL 86,395 Fort Myers
45%
ID 64,818 Idaho Falls
45%
OR 99,178 Bend
44%
IN 117,298 Evansville
44%
IA 74,828 Iowa City
44%
GA 157,346 Macon
44%
KS 197,238 Overland Park
44%
CA 127,647 Santa Clara
44%
AZ 180,587 Tempe
44%
NC 94,589 Asheville
43%
MT 53,293 Bozeman
43%
AZ 275,987 Chandler
43%
CA 275,487 Chula Vista
43%
IA 101,724 Davenport
43%
FL 141,085 Gainesville
43%
FL 223,109 Hialeah
43%
CA 198,711 Huntington Beach
43%
TX 132,524 Midland
43%
TX 114,428 Odessa
43%
FL 54,312 Pensacola
43%
FL 204,851 Port St. Lucie
43%
AL 99,600 Tuscaloosa
43%
WA 151,854 Bellevue
42%
NE 64,176 Bellevue
42%
MN 89,987 Bloomington
42%
IN 79,168 Bloomington
42%
IL 78,680 Bloomington
42%
FL 194,016 Cape Coral
42%
NJ 137,298 Elizabeth
42%
TX 256,684 Irving
42%
WA 136,588 Kent
42%
SD 74,703 Rapid City
42%
CA 228,673 Santa Clarita
42%
CT 135,470 Stamford
42%
NY 65,283 Utica
42%
AZ 95,548 Yuma
42%
IL 150,362 Joliet
41%
CO 111,876 Pueblo
41%
VA 100,011 Roanoke
41%
OH 60,068 Youngstown
41%
TX 125,182 Abilene
40%
CA 124,321 Berkeley
40%
CA 218,464 Modesto
40%
OK 128,026 Norman
40%
CA 202,063 Oxnard
40%
NJ 159,732 Paterson
40%
TX 120,511 College Station
39%
CA 230,504 Fremont
39%
IL 148,655 Rockford
39%
CA 62,956 Santa Cruz
39%
TN 166,722 Clarksville
38%
AZ 267,918 Gilbert
38%
MI 73,598 Kalamazoo
38%
WI 99,986 Kenosha
38%
PA 95,112 Reading
38%
CA 93,611 Redding
38%
WA 110,629 Everett
37%
CA 178,127 Santa Rosa
37%
FL 117,415 West Palm Beach
37%
WA 87,256 Auburn
36%
AL 76,143 Auburn
36%
AR 89,142 Fort Smith
36%
MS 72,926 Gulfport
36%
CO 155,984 Lakewood
36%
CA 82,496 Lakewood
36%
NJ 69,398 Lakewood
36%
WA 63,612 Lakewood
36%
OH 50,942 Lakewood
36%
KS 94,934 Lawrence
36%
MA 89,143 Lawrence
36%
FL 82,890 Miami Beach
36%
IL 149,540 Naperville
36%
CA 109,707 Santa Maria
36%
FL 54,842 Sarasota
36%
KY 72,294 Bowling Green
35%
OK 113,540 Broken Arrow
35%
ND 59,166 Grand Forks
35%
CO 65,560 Grand Junction
35%
KS 54,100 Manhattan
35%
NH 91,322 Nashua
35%
CA 175,265 Ontario
35%
WA 91,482 Bellingham
34%
NJ 71,791 Camden
34%
TX 246,018 Garland
34%
MT 60,442 Great Falls
34%
VA 137,148 Hampton
34%
FL 112,641 Lakeland
34%
MA 115,554 Lowell
34%
ID 100,200 Nampa
34%
CA 79,246 Napa
34%
WA 102,976 Spokane Valley
34%
CA 107,337 Burbank
33%
NC 174,721 Cary
33%
FL 117,292 Clearwater
33%
CA 95,740 Compton
33%
TX 200,509 Frisco
33%
MO 123,011 Independence
33%
TN 152,769 Murfreesboro
33%
CA 174,068 Oceanside
33%
TX 105,995 Tyler
33%
TX 115,282 Beaumont
32%
CA 53,036 Beaumont
32%
NC 57,303 Burlington
32%
ID 54,628 Coeur d'Alene
32%
WI 69,421 Eau Claire
32%
MD 78,171 Frederick
32%
MN 81,026 Plymouth
32%
VA 97,915 Portsmouth
32%
WA 96,968 Yakima
32%
IA 66,427 Ames
31%
WI 75,644 Appleton
31%
FL 97,422 Boca Raton
31%
IL 88,302 Champaign
31%
TX 139,869 Denton
31%
TN 83,454 Franklin
31%
TX 153,095 Killeen
31%
LA 84,872 Lake Charles
31%
GA 92,833 Roswell
31%
CA 126,966 Thousand Oaks
31%
UT 140,230 West Valley City
31%
CA 101,475 Chico
30%
CA 66,850 Davis
30%
ID 117,635 Meridian
30%
SC 114,852 North Charleston
30%
UT 98,129 Orem
30%
WI 66,816 Oshkosh
30%
NV 191,238 Paradise
30%
MA 101,636 Quincy
30%
TX 65,534 Victoria
30%
UT 116,961 West Jordan
30%
OH 70,872 Canton
29%
CA 114,746 Carlsbad
29%
IL 78,110 Evanston
29%
VA 79,009 Lynchburg
29%
FL 84,678 Melbourne
29%
CA 68,572 Palo Alto
29%
ID 56,320 Pocatello
29%
CA 174,453 Rancho Cucamonga
29%
MN 68,881 St. Cloud
29%
FL 58,964 St. Cloud
29%
MI 139,387 Warren
29%
OR 97,494 Beaverton
28%
CT 60,833 Bristol
28%
IN 99,757 Carmel
28%
MI 109,976 Dearborn
28%
TX 100,243 Edinburg
28%
CA 143,617 Fullerton
28%
NJ 60,419 Hoboken
28%
OR 85,824 Medford
28%
MA 59,659 Medford
28%
CA 102,773 Norwalk
28%
CT 91,184 Norwalk
28%
KS 141,290 Olathe
28%
CA 163,542 Salinas
28%
CA 105,661 San Mateo
28%
NV 108,445 Sparks
28%
AZ 143,148 Surprise
28%
ID 51,807 Twin Falls
28%
NY 59,559 White Plains
28%
TX 195,308 McKinney
27%
CA 208,634 Moreno Valley
27%
CA 169,450 Palmdale
27%
WI 77,816 Racine
27%
NM 104,046 Rio Rancho
27%
VA 94,324 Suffolk
27%
TX 111,026 Sugar Land
27%
MI 87,294 Troy
27%
NY 51,401 Troy
27%
RI 82,823 Warwick
27%
PA 75,781 Bethlehem
26%
NC 61,960 Chapel Hill
26%
CA 72,589 Dublin
26%
IA 59,667 Dubuque
26%
OR 106,447 Hillsboro
26%
CA 107,762 Inglewood
26%
FL 79,226 Kissimmee
26%
TX 150,108 Mesquite
26%
TX 99,893 San Angelo
26%
MO 72,473 St. Joseph
26%
CA 157,136 Corona
25%
CA 176,124 Elk Grove
25%
CA 151,038 Escondido
25%
CA 208,393 Fontana
25%
TX 67,176 Georgetown
25%
NE 53,131 Grand Island
25%
TX 196,100 Grand Prairie
25%
CO 108,795 Greeley
25%
OH 63,399 Hamilton
25%
TN 71,046 Johnson City
25%
MO 51,762 Joplin
25%
FL 111,640 Miami Gardens
25%
MA 101,079 New Bedford
25%
MA 88,923 Newton
25%
CA 151,713 Pomona
25%
WA 106,785 Renton
25%
TX 119,468 Round Rock
25%
CA 94,833 San Marcos
25%
TX 67,553 San Marcos
25%
CA 110,763 Ventura
25%
CA 141,384 Visalia
25%
CT 114,403 Waterbury
25%
OR 59,922 Corvallis
24%
IL 70,522 Decatur
24%
AL 57,938 Decatur
24%
CA 119,881 Fairfield
24%
CA 171,949 Garden Grove
24%
AZ 57,144 Lake Havasu City
24%
UT 52,778 Logan
24%
MA 101,253 Lynn
24%
NY 79,726 New Rochelle
24%
NY 67,047 Schenectady
24%
CA 134,810 Victorville
24%
CO 116,317 Westminster
24%
CA 90,911 Westminster
24%
CO 108,418 Centennial
23%
IL 114,797 Elgin
23%
OR 114,247 Gresham
23%
CA 162,954 Hayward
23%
AL 92,606 Hoover
23%
AR 78,576 Jonesboro
23%
WA 83,921 Kennewick
23%
SC 90,801 Mount Pleasant
23%
NY 73,893 Mount Vernon
23%
FL 63,591 Ocala
23%
RI 75,604 Pawtucket
23%
CA 147,773 Roseville
23%
MI 134,346 Sterling Heights
23%
CA 155,805 Sunnyvale
23%
CA 147,067 Torrance
23%
CO 124,402 Arvada
22%
AR 54,164 Bentonville
22%
TX 133,434 Carrollton
22%
HI 50,922 East Honolulu
22%
WA 101,030 Federal Way
22%
WI 52,680 La Crosse
22%
CA 86,333 Merced
22%
TX 85,778 Mission
22%
IN 65,194 Muncie
22%
KY 60,183 Owensboro
22%
CA 110,003 Temecula
22%
IN 58,389 Terre Haute
22%
CO 141,867 Thornton
22%
CA 70,143 Union City
22%
NJ 68,589 Union City
22%
CA 126,090 Vallejo
22%
FL 134,721 Miramar
21%
CA 85,239 Newport Beach
21%
AR 64,591 North Little Rock
21%
FL 171,178 Pembroke Pines
21%
WA 60,560 Richland
21%
MO 70,493 St. Charles
21%
WI 71,158 Waukesha
21%
CA 91,403 Chino
20%
FL 134,394 Coral Springs
20%
RI 82,934 Cranston
20%
CA 104,901 Daly City
20%
CT 86,518 Danbury
20%
AL 71,072 Dothan
20%
MA 94,000 Fall River
20%
AZ 95,294 Goodyear
20%
NC 114,059 High Point
20%
WA 92,175 Kirkland
20%
TX 81,638 Longview
20%
TX 125,828 Pearland
20%
WA 73,256 Redmond
20%
GA 108,080 Sandy Springs
20%
CA 126,356 Simi Valley
20%
GA 55,378 Valdosta
20%
CA 78,280 Alameda
19%
IN 54,788 Anderson
19%
CA 115,291 Antioch
19%
MI 52,721 Battle Creek
19%
MD 68,056 Bethesda
19%
MA 105,643 Brockton
19%
CA 106,215 El Cajon
19%
TX 114,392 League City
19%
MO 101,108 Lee's Summit
19%
OH 50,987 Middletown
19%
OH 81,146 Parma
19%
TX 56,039 Port Arthur
19%
TX 119,469 Richardson
19%
MD 67,117 Rockville
19%
AR 84,161 Springdale
19%
FL 97,335 Sunrise
19%
MI 63,409 Taylor
19%
IA 62,799 Council Bluffs
18%
CA 114,355 Downey
18%
CA 52,388 Florin
18%
CA 89,137 Indio
18%
FL 61,047 Jupiter
18%
OK 90,381 Lawton
18%
AZ 58,125 Maricopa
18%
CA 82,376 Mountain View
18%
CA 110,949 Murrieta
18%
FL 119,760 Palm Bay
18%
FL 112,046 Pompano Beach
18%
MI 61,606 Pontiac
18%
TX 82,073 Temple
18%
GA 80,308 Warner Robins
18%
IL 89,321 Waukegan
18%
CA 109,501 West Covina
18%
GA 65,818 Alpharetta
17%
AZ 91,502 Buckeye
17%
OK 94,428 Edmond
17%
OK 51,308 Enid
17%
IN 98,977 Fishers
17%
MD 69,657 Gaithersburg
17%
IN 77,879 Hammond
17%
UT 75,907 Lehi
17%
TX 111,822 Lewisville
17%
CO 98,885 Longmont
17%
GA 60,972 Marietta
17%
CA 93,653 Mission Viejo
17%
MD 81,015 Silver Spring
17%
MA 81,045 Somerville
17%
TX 51,898 Texas City
17%
CA 102,386 Vacaville
17%
IA 67,314 Waterloo
17%
IA 68,723 West Des Moines
17%
CA 75,791 Apple Valley
16%
MN 56,374 Apple Valley
16%
NJ 71,686 Bayonne
16%
LA 62,701 Bossier City
16%
FL 55,698 Bradenton
16%
CA 120,124 Clovis
16%
CA 109,450 El Monte
16%
MD 91,249 Germantown
16%
VA 51,814 Harrisonburg
16%
CO 76,378 Loveland
16%
LA 143,507 Metairie
16%
TX 90,403 New Braunfels
16%
NJ 55,266 New Brunswick
16%
FL 60,191 North Miami
16%
MO 91,316 O'Fallon
16%
WA 77,108 Pasco
16%
CA 84,292 Redwood City
16%
CA 64,293 San Clemente
16%
GA 55,663 Smyrna
16%
TN 53,070 Smyrna
16%
MS 54,648 Southaven
16%
UT 77,487 South Jordan
16%
CA 93,000 Tracy
16%
CA 61,032 Woodland
16%
AZ 89,334 Avondale
15%
IL 85,268 Cicero
15%
AR 64,134 Conway
15%
CA 60,381 Cupertino
15%
FL 105,691 Davie
15%
FL 93,692 Deltona
15%
IN 53,923 Elkhart
15%
NV 221,831 Enterprise
15%
MA 72,362 Framingham
15%
CA 99,818 Hesperia
15%
WI 65,615 Janesville
15%
TN 55,442 Kingsport
15%
IN 59,604 Kokomo
15%
CA 87,955 Livermore
15%
WA 70,714 Marysville
15%
OK 62,793 Moore
15%
NJ 70,537 Passaic
15%
CA 104,026 Rialto
15%
TX 114,436 The Woodlands
15%
NJ 60,780 Vineland
15%
CA 98,381 Vista
15%
IL 77,676 Arlington Heights
14%
CA 64,292 Brentwood
14%
NY 62,387 Brentwood
14%
NJ 90,296 Clifton
14%
CA 111,918 Costa Mesa
14%
NC 80,411 Gastonia
14%
CA 56,999 Highland
14%
CA 105,053 Jurupa Valley
14%
FL 82,485 Largo
14%
OH 65,211 Lorain
14%
CT 74,135 New Britain
14%
IL 52,736 Normal
14%
FL 89,258 Palm Coast
14%
CO 58,512 Parker
14%
SC 74,372 Rock Hill
14%
NC 54,341 Rocky Mount
14%
CA 61,271 San Rafael
14%
IL 78,723 Schaumburg
14%
NV 215,597 Spring Valley
14%
NJ 92,830 Toms River
14%
CA 68,875 Tulare
14%
CT 64,083 West Hartford
14%
CA 70,117 Yuba City
14%
MD 58,329 Bowie
13%
CO 74,112 Broomfield
13%
TX 83,980 Bryan
13%
ID 59,996 Caldwell
13%
CO 73,158 Castle Rock
13%
CA 78,411 Chino Hills
13%
TX 89,956 Conroe
13%
CA 51,268 Covina
13%
MN 64,198 Eden Prairie
13%
OH 52,656 Elyria
13%
MI 83,986 Farmington Hills
13%
CA 80,454 Folsom
13%
CA 59,520 Gilroy
13%
FL 80,737 Homestead
13%
TX 72,602 Mansfield
13%
MN 53,781 Minnetonka
13%
TX 74,259 Missouri City
13%
CA 51,163 Palm Desert
13%
CA 79,871 Pleasanton
13%
AR 69,908 Rogers
13%
GA 107,436 South Fulton
13%
CA 66,105 South San Francisco
13%
FL 79,077 The Villages
13%
MI 76,501 Wyoming
13%
IL 60,675 Des Plaines
12%
CT 51,045 East Hartford
12%
CA 118,786 East Los Angeles
12%
NJ 69,612 East Orange
12%
TX 50,631 Grapevine
12%
TX 71,829 Harlingen
12%
NY 59,169 Hempstead
12%
GA 82,453 Johns Creek
12%
LA 66,448 Kenner
12%
UT 81,773 Layton
12%
MI 95,535 Livonia
12%
CA 66,224 Madera
12%
CA 102,527 Menifee
12%
IL 54,583 Oak Park
12%
CA 71,576 Redondo Beach
12%
CA 71,601 Rocklin
12%
CA 84,605 San Ramon
12%
KS 67,311 Shawnee
12%
FL 113,568 Spring Hill
12%
TN 50,005 Spring Hill
12%
OR 54,539 Tigard
12%
MD 59,553 Towson
12%
FL 68,107 Weston
12%
CA 87,306 Whittier
12%
IA 67,887 Ankeny
11%
NC 58,780 Apex
11%
TX 83,701 Baytown
11%
MN 86,478 Brooklyn Park
11%
AZ 53,658 Casa Grande
11%
CA 87,583 Citrus Heights
11%
MN 63,599 Coon Rapids
11%
IN 63,830 Greenwood
11%
MA 67,787 Haverhill
11%
CA 88,083 Hawthorne
11%
CA 89,833 Hemet
11%
OH 57,862 Kettering
11%
KS 57,434 Lenexa
11%
CA 66,348 Lodi
11%
CA 83,498 Manteca
11%
CT 60,850 Meriden
11%
CT 50,558 Milford
11%
MI 66,243 Novi
11%
CA 59,776 Petaluma
11%
FL 91,750 Plantation
11%
MI 76,300 Rochester Hills
11%
FL 61,051 Sanford
11%
WA 58,608 Shoreline
11%
SC 50,915 Summerville
11%
CA 72,740 Turlock
11%
FL 61,637 Wellington
11%
CT 55,584 West Haven
11%
NJ 52,912 West New York
11%
IL 53,970 Wheaton
11%
MD 52,150 Wheaton
11%
CA 68,336 Yorba Linda
11%
CA 82,868 Alhambra
10%
MN 70,222 Blaine
10%
FL 80,380 Boynton Beach
10%
FL 114,626 Brandon
10%
MA 63,191 Brookline
10%
CA 70,741 Camarillo
10%
OH 51,114 Cuyahoga Falls
10%
MI 63,292 Dearborn Heights
10%
FL 66,846 Delray Beach
10%
MO 52,533 Florissant
10%
TX 75,956 Flower Mound
10%
CA 57,990 Hanford
10%
TN 61,753 Hendersonville
10%
WA 53,526 Lacey
10%
CA 80,273 Milpitas
10%
FL 74,793 North Port
10%
CA 78,700 Perris
10%
NJ 55,436 Perth Amboy
10%
TX 65,191 Pflugerville
10%
CA 79,332 Rancho Cordova
10%
CA 73,168 Redlands
10%
WA 67,455 Sammamish
10%
CA 91,008 San Leandro
10%
IL 67,824 Skokie
10%
NV 205,618 Sunrise Manor
10%
MA 59,408 Taunton
10%
CA 79,040 Upland
10%
FL 56,384 Westchester
10%
FL 54,873 Apopka
9%
CA 50,000 Azusa
9%
IL 73,922 Bolingbrook
9%
MA 55,560 Chicopee
9%
CO 62,418 Commerce City
9%
CA 51,428 Delano
9%
UT 51,017 Draper
9%
MN 68,855 Eagan
9%
MN 53,494 Edina
9%
CA 62,007 Encinitas
9%
NC 61,376 Huntersville
9%
NC 53,114 Kannapolis
9%
CA 85,858 Lake Forest
9%
MN 70,253 Maple Grove
9%
AZ 51,908 Marana
9%
UT 50,637 Murray
9%
CA 56,173 National City
9%
IN 69,604 Noblesville
9%
CA 53,225 Novato
9%
IL 58,362 Oak Lawn
9%
IL 58,703 Orland Park
9%
TX 79,715 Pharr
9%
MA 62,186 Revere
9%
MI 58,211 Royal Oak
9%
MI 76,618 Southfield
9%
CA 92,726 South Gate
9%
CA 80,276 Tustin
9%
CA 70,127 Walnut Creek
9%
CA 52,590 Watsonville
9%
WI 60,325 West Allis
9%
MI 85,420 Westland
9%
CA 53,915 West Sacramento
9%
CA 56,681 Arcadia
8%
TN 57,786 Bartlett
8%
MO 58,603 Blue Springs
8%
GA 55,161 Brookhaven
8%
CA 84,034 Buena Park
8%
WA 52,066 Burien
8%
CA 53,909 Colton
8%
FL 86,859 Deerfield Beach
8%
FL 75,874 Doral
8%
GA 51,683 Dunwoody
8%
CA 61,027 Gardena
8%
CO 103,444 Highlands Ranch
8%
CA 64,355 Laguna Niguel
8%
CA 70,265 Lake Elsinore
8%
MN 69,490 Lakeville
8%
MA 66,263 Malden
8%
MA 53,059 Methuen
8%
OK 58,409 Midwest City
8%
IN 51,063 Mishawaka
8%
FL 53,093 Pinellas Park
8%
FL 62,596 Port Orange
8%
AZ 59,519 Queen Creek
8%
UT 60,448 Taylorsville
8%
MD 81,410 Waldorf
8%
CA 94,659 Arden-Arcade
7%
CA 72,176 Baldwin Park
7%
CA 79,190 Bellflower
7%
FL 53,644 Bonita Springs
7%
CA 51,493 Cathedral City
7%
MD 75,947 Ellicott City
7%
MD 72,891 Glen Burnie
7%
UT 55,144 Herriman
7%
MI 54,304 Kentwood
7%
CA 61,121 La Mesa
7%
FL 74,482 Lauderhill
7%
FL 114,287 Lehigh Acres
7%
VA 50,773 McLean
7%
FL 59,182 Palm Beach Gardens
7%
CA 53,733 Paramount
7%
MA 54,481 Peabody
7%
NJ 54,586 Plainfield
7%
FL 60,625 Port Charlotte
7%
CA 62,623 Porterville
7%
VA 63,226 Reston
7%
FL 107,396 Riverview
7%
CA 53,898 San Jacinto
7%
AZ 99,894 San Tan Valley
7%
IL 55,971 Tinley Park
7%
MA 65,218 Waltham
7%
IL 57,250 Berwyn
6%
MN 64,317 Burnsville
6%
TX 77,595 Cedar Park
6%
FL 57,833 Coconut Creek
6%
TN 51,324 Collierville
6%
CA 50,151 Cypress
6%
TX 56,145 DeSoto
6%
CA 55,072 Diamond Bar
6%
IL 50,247 Downers Grove
6%
CA 69,757 Eastvale
6%
TX 61,032 Euless
6%
CA 57,047 Fountain Valley
6%
CA 52,558 Glendora
6%
CA 54,883 Huntington Park
6%
FL 80,241 Kendall
6%
CA 63,097 La Habra
6%
PA 52,699 Levittown
6%
NY 51,758 Levittown
6%
CA 67,265 Lynwood
6%
FL 58,712 Margate
6%
UT 63,380 Millcreek
6%
CA 62,640 Montebello
6%
CA 61,096 Monterey Park
6%
IL 56,852 Mount Prospect
6%
MD 50,094 North Bethesda
6%
IL 67,908 Palatine
6%
CA 51,185 Rosemead
6%
TX 62,535 Rowlett
6%
CA 60,037 Santee
6%
MN 50,010 St. Louis Park
6%
FL 71,897 Tamarac
6%
FL 50,893 University
6%
MA 57,437 Weymouth
6%
MN 75,102 Woodbury
6%
TX 57,526 Wylie
6%
CA 52,176 Aliso Viejo
5%
VA 73,518 Centreville
5%
VA 72,088 Dale City
5%
MD 67,796 Dundalk
5%
IL 52,530 Hoffman Estates
5%
NY 51,043 Irondequoit
5%
TX 59,202 Leander
5%
NC 50,193 Mooresville
5%
TX 69,917 North Richland Hills
5%
CA 62,088 Pico Rivera
5%
CA 51,824 Placentia
5%
MI 58,874 St. Clair Shores
5%
GA 59,194 Stonecrest
5%
NY 57,431 Tonawanda
5%
FL 85,951 Town 'n' Country
5%
CA 54,542 Yucaipa
5%
OR 53,828 Aloha
4%
AZ 70,973 Casas Adobes
4%
AZ 52,401 Catalina Foothills
4%
NY 76,829 Cheektowaga
4%
WA 64,708 South Hill
4%
FL 92,452 Alafaya
3%
CA 79,793 Carmichael
3%
CA 66,441 Castro Valley
3%
CA 50,547 El Dorado Hills
3%
FL 59,870 Fountainebleau
3%
CA 54,191 Hacienda Heights
3%
FL 55,646 Kendale Lakes
3%
FL 61,366 Palm Harbor
3%
MD 57,118 Severn
3%
FL 54,212 Tamiami
3%
FL 59,480 The Hammocks
3%
FL 64,866 Wesley Chapel
3%
MD 51,063 Aspen Hill
2%
TX 88,174 Atascocita
2%
MD 57,648 Bel Air South
2%
FL 56,381 Four Corners
2%
FL 58,101 Horizon West
2%
FL 66,111 Pine Hills
2%
FL 69,309 Poinciana
2%
CA 61,983 Florence-Graham
1%
CA 56,415 South Whittier
1%
No matching quizzes found
Score Distribution
Percent of People with Each Score
Percentile by Number Answered
Your Score History
You have not taken this quiz